Tennessee
Shranjeno v:
| Glavni avtor: | |
|---|---|
| Format: | Knjiga |
| Jezik: | Undetermined |
| Izdano: |
New York
Macmillan/McGraw-Hill
1996
|
| Teme: | |
| Oznake: |
Označite
Brez oznak, prvi označite!
|
| Thư viện lưu trữ: | Trung tâm Học liệu Trường Đại học Cần Thơ |
|---|
| LEADER | 00574nam a2200205Ia 4500 | ||
|---|---|---|---|
| 001 | CTU_125874 | ||
| 008 | 210402s9999 xx 000 0 und d | ||
| 020 | |c 7.15 | ||
| 082 | |a 372.89 | ||
| 082 | |b K28 | ||
| 100 | |a Keith, Jeanette | ||
| 245 | 0 | |a Tennessee | |
| 245 | 0 | |c Jeanette Keith and Jessie Strickland | |
| 260 | |a New York | ||
| 260 | |b Macmillan/McGraw-Hill | ||
| 260 | |c 1996 | ||
| 650 | |a Elementary education,English language | ||
| 650 | |x History and geography,Elementary | ||
| 904 | |i Lê Giang | ||
| 980 | |a Trung tâm Học liệu Trường Đại học Cần Thơ | ||